| 000 | 01041nam a22003257a 4500 | ||
|---|---|---|---|
| 003 | CHAP | ||
| 005 | 20220329133744.0 | ||
| 008 | 971013s1984 r 00010 d | ||
| 010 | _a10394 | ||
| 011 | _a11366 | ||
| 035 | _a10604 | ||
| 040 | _cCHAP | ||
| 090 | _aFolleto 5903 | ||
| 100 | 0 | 0 |
_aBaeza, A. Raúl. _99394 |
| 245 | _aControl con antibiótico del mosaico dorado del frijol | ||
| 260 |
_aMéxico, D. AF BDF. : _bPFIZER, _c1984 |
||
| 300 | _a6 p | ||
| 590 |
_aBATCH-UPD _b10 _c20130110 _lUCH01 _h0132 |
||
| 590 |
_aBATCH-UPD _b10 _c20130110 _lUCH01 _h2101 |
||
| 590 |
_aBATCH-UPD _b10 _c20130410 _lUCH01 _h1413 |
||
| 590 |
_aBATCH-UPD _b10 _c20130914 _lUCH01 _h0530 |
||
| 590 |
_aCONVERSION _b10 _c20130109 _lUCH01 _h1307 |
||
| 650 | 1 | 4 |
_aAntibioticos _xEfecto en plantas. _96047 |
| 650 | 1 | 4 |
_aFrijol _xEnfermedades. _943367 |
| 650 | 1 | 4 |
_aMosaico dorado del frijol. _978986 |
| 901 | _aBK | ||
| 942 | _cFOLL | ||
| 949 |
_aFolleto 5903 _bBC _cFOLL _d-22305 _eTS1 _i10604 _mD _si |
||
| 949 |
_aFolleto 5903 _bBC _cFOLL _d-22308 _eTS2 _fc.2 _i10604 _si |
||
| 999 |
_c10394 _d10394 |
||